00408nam a2200169Ia 4500008004100000020001800041050001400059100001900073245002600092245002100118245001800139260001500157260001700172260000900189300001500198300002500213180207s9999 xx 000 0 und d a9780439825955 bL295 2005 aLansky, Bruce. aIf I ran the school : bking of poetry / cBruce Lansky. aNew York : bScholastic,  c2005 a32 pages : bcolor illustration ;